000 00939nas a2200277 i 4500
001 2570
003 ES-MaACL
005 20250710063337.0
008 950801m18731874sp a| | 1 ||pa d
080 _a(059)(460)
245 0 0 _aAlmanaque cómico para... /
_cescrito por Campo Arana (D.J.) ... [et al.] e ilustrado por Cubas y Luque.
260 _aMadrid :
_bLibr. de Alfonso Durán,
_c[1873-]
_f(Imp. de T. Fortanet)
300 _a1 v :
_bil. ;
_c22 cm.
310 _aAnual
362 0 _a[1873]-
500 _aAño 2 (1874), publicado en 1873
650 1 7 _aHumorismo español-
_yS.XIX
_9143864
655 0 _aAlmanaques
_9241262
700 1 _aCampo Arana, José,
_d1847-1885
_eaut
_934206
700 0 _aCubas
_eill
_9241265
700 1 _aLuque, Manuel
_d1854-1924
_eill
_9241266
852 _aES-MaACL
_cDEPOF
_hLegado M. de Lafuente
_jFol-Laf-432
866 0 _o1874.
942 _2udc
_cPERIODICA
_n0
999 _c2570
_d2570